000 00931nam a2200277Ia 4500
003 GCL
005 20240530104425.0
008 140319s9999 xx 000 0 ara d
040 _aGCL /
_cGCL
082 0 4 _a001.6425
_bم ف
100 1 _aعلاء الدين محمد فهمى
245 1 0 _aفيروسات الحاسب وامن البيانات /
_cعلاء الدين محمد فهمى
260 _aالقاهرة :
_bدلتا كمبيوتر ،
_c1992
300 _a387 ص
490 _aموسوعة دلتا كمبيوتر
_v8
650 0 4 _aالفيروسات
650 0 4 _aالحاسبات الالكترونية
650 0 4 _aامن النظام
700 1 _aمصطفى رضا عبدالوهاب
700 1 _aنادية حجازى
700 1 _aمحمد فهمى طلبه
700 1 _aمحمد سعيد عبدالوهاب
700 1 _aمحمد زكى
700 1 _aمدحت فخرى
942 _2ddc
_cBK
999 _c47530
_d47530